书目信息 |
| 题名: |
题花图案集
|
|
| 作者: | 葛文衡 编绘 | |
| 分册: | ||
| 出版信息: | 上海 上海人民美术出版社 1980 |
|
| 页数: | 142页 | |
| 开本: | 19cm | |
| 丛书名: | ||
| 单 册: | ||
| 中图分类: | J228.1 | |
| 科图分类: | ||
| 主题词: | 报刊-图案--中国--现代 , 图案-报刊--中国--现代 , 绘画--中国 | |
| 电子资源: | ||
| ISBN: | ||
| 000 | 00684nam0 2200253 45 | |
| 001 | 0180007431 | |
| 005 | 20060509105003.21 | |
| 010 | @dCNY0.38 | |
| 091 | @a8081.11872 | |
| 100 | @a19950622d1980 em y0chiy0121 ea | |
| 101 | 0 | @achi |
| 102 | @aCN@b310000 | |
| 105 | @af t 000yy | |
| 200 | 10 | @a题花图案集@Ati hua tu an ji@f葛文衡等编绘@Fge wen heng deng bian hui |
| 210 | @a上海@c上海人民美术出版社@d1980 | |
| 215 | @a142页@d19cm | |
| 606 | @a报刊-图案@y中国@z现代 | |
| 606 | @a图案-报刊@y中国@z现代 | |
| 606 | 0 | @a绘画@x中国 |
| 690 | @aJ228.1@v3 | |
| 701 | 0 | @a葛文衡@Age wen heng@4编绘 |
| 801 | 2 | @aCN@bNLC@c20060509 |
| 801 | 0 | @aCN@bTSSF |
| 905 | @a10447@dJ228.1@e68 | |
| 题花图案集/葛文衡等编绘.-上海:上海人民美术出版社,1980 |
| 142页;19cm |
| ISBN :CNY0.38 |
| ● |
| 相关链接 |
|
|
|
|
正题名:题花图案集
索取号:J228.1/68
 
预约/预借
| 序号 | 登录号 | 条形码 | 馆藏地/架位号 | 状态 | 备注 |
| 1 | 0086729 | 202316733 | 密集书库/ [索取号:J228.1/68] | 在馆 | |
| 2 | 0096730 | 000794377 | 第一样本阅览室/ [索取号:J228.1/68] | 在馆 |